000 00729nam a2200253Ia 4500
003 OSt
005 20220925230635.0
006 a|||||r|||| 00| 0
007 ta
008 220923b |||||||| |||| 00| 0 eng d
020 _aI842770675
037 _cGeneral Book
040 _aRTL
_cRTL
_beng
041 _2eng
_aeng
082 _aY15:4, P1
100 _aMeintjes Sheila, and others Ed.
_9294017
245 0 _aAftermath
_b Women in post conflict transformation
260 _aLondon
_bZed Books
_c2001
300 _axiv,258p
_ccm.
500 _aBibliography: P 243-51
650 _aWomen Sociology
942 _hY15:4, P1
_cGB
_2CC
999 _c586213
_d586213